Islam di Tanah Melayu abab ke-19 (Record no. 104536)

MARC details
000 -LEADER
fixed length control field 00735nam a2200253 i 4500
001 - CONTROL NUMBER
control field C2-0300665
003 - CONTROL NUMBER IDENTIFIER
control field PPAK
005 - DATE AND TIME OF LATEST TRANSACTION
control field 20180728082144.0
008 - FIXED-LENGTH DATA ELEMENTS--GENERAL INFORMATION
fixed length control field 091111s2007 my |||| ||||| | may d
020 ## - INTERNATIONAL STANDARD BOOK NUMBER
International Standard Book Number 9789831953051
040 ## - CATALOGING SOURCE
Original cataloging agency PPAK
Language of cataloging eng
Transcribing agency PPAK
Description conventions rda
082 04 - DEWEY DECIMAL CLASSIFICATION NUMBER
Classification number 297.2709595
Edition number 23
090 00 - LOCALLY ASSIGNED LC-TYPE CALL NUMBER (OCLC); LOCAL CALL NUMBER (RLIN)
Classification number (OCLC) (R) ; Classification number, CALL (RLIN) (NR) 297.2709595
Feature heading ISL
Feature heading G
Classification number (OCLC) (R) ; Classification number, CALL (RLIN) (NR) 297.2709595
Feature heading ISL
Feature heading KMI
245 00 - TITLE STATEMENT
Title Islam di Tanah Melayu abab ke-19
264 #1 - PRODUCTION, PUBLICATION, DISTRIBUTION, MANUFACTURE, AND COPYRIGHT NOTICE
Place of production, publication, distribution, manufacture Shah Alam, Selangor :
Name of producer, publisher, distributor, manufacturer Karisma Publications ,
Date of production, publication, distribution, manufacture, or copyright notice 2007
300 ## - PHYSICAL DESCRIPTION
Extent viii, 217 pages ;
Dimensions 21 cm
336 ## - CONTENT TYPE
Source rdacontent
Content type term text
337 ## - MEDIA TYPE
Source rdamedia
Media type term unmediated
338 ## - CARRIER TYPE
Source rdacarrier
Carrier type term volume
650 10 - SUBJECT ADDED ENTRY--TOPICAL TERM
Topical term or geographic name entry element Islam and state - Malaysia - History.
700 0# - ADDED ENTRY--PERSONAL NAME
Personal name Farid Mat Zain,
Relator term editor
942 ## - ADDED ENTRY ELEMENTS (KOHA)
-- dc
Koha item type Book
Holdings
Withdrawn Not for loan Current library Shelving location Date acquired Full call number Barcode Date last seen Koha item type
  Not For Loan Perpustakaan Alor Setar Koleksi Prof. Dr. Muhammad Isa Othman 05/06/2011 KMI 297.2709595 ISL A00384498 09/05/2018 Book
    PD31, Kg. Gelam, Bedong Pinjaman Dewasa 30/11/2009 297.2709595 ISL A01335249 09/05/2018 Book
    PD33, Kg. Belau, Merbok Pinjaman Dewasa 30/11/2009 297.2709595 ISL A01335250 09/05/2018 Book
    PD34, Kg. Pantai Prai Pinjaman Dewasa 02/06/2010 297.2709595 ISL A01339326 09/05/2018 Book